Les 25 pays possédant le plus de téléphones mobiles - Statistiques

Statistiques générales
  • Ce quiz a été pris 241 fois
  • Le résultat moyen est 19 sur 25
Statistiques - réponses
Rang Nombre (arrondi) Pays % Correct
1 1 720 000 000 Chine
100%
23 72 751 000 France
100%
3 442 457 000 Etats Unis
99%
5 238 733 000 Russie
95%
16 107 400 000 Allemagne
94%
6 205 835 000 Brésil
94%
2 1 150 000 000 Inde
94%
8 195 055 000 Japon
93%
19 80 967 000 Royaume Uni
90%
15 122 898 000 Mexique
87%
24 70 514 000 Corée du Sud
82%
22 77 581 000 Italie
82%
17 96 973 000 Afrique du Sud
77%
4 355 620 000 Indonésie
77%
10 175 624 000 Pakistan
71%
20 80 791 000 Turquie
70%
18 95 357 000 Egypte
67%
13 129 614 000 Thailande
65%
14 127 625 000 Iran
64%
7 204 229 000 Nigéria
64%
9 176 279 000 Bangladesh
61%
25 61 673 000 Colombie
60%
12 136 230 000 Viet Nam
60%
11 149 579 000 Philippines
57%
21 78 548 000 Birmanie
32%
Aucun quiz correspondant
Distribution des résultats
% des personnes avec chaque résultat
Percentile par nombre de réponses
Votre historique - résultats
Vous n’avez pas pris ce quiz